00751cam a22002174a 450000100060000000300090000600500170001500800410003202000180007302000150009104000280010608200210013410000240015524500820017925000250026126000540028630000470034050400600038765000440044765000420049113453BD-DhUAP20200318160342.0200318s1997 nyua b 001 0 eng  a9780070587182 a0070587183 aDLCcDLCdBD-DhUAPbEng00a511.5076 BAL2231 aBalakrishnan, V. K.10aSchaum's outline of theory and problems of graph theory /cV.K. Balakrishnan. aTata McGraw-Hill ed. aNew York :bMcGraw-Hill,cc2004 [Reprinted 2009]. aviii, 293 pages :billustrations ;c28 cm. aIncludes bibliographical references (p. 287) and index. 0aGraph theoryxProblems, exercises, etc. 0aGraph theoryxOutlines, syllabi, etc.